01134 a2200217 45000010006000000050017000060080041000230030015000640400040000790800053001192450140001720200022003122640096003343000019004305050239004490410008006881000086006967000018007827000017008008560099008175068920260407155802.0260407a2019 arg spa dAR-UNSa-BCEJYS aAR-UNSa-BCEJYSbspacAR-UNSa-BCEJYS a339.5xComercio exterior. Comercio Internacional10aPerspectivas del comercio internacional de América Latin y el CaribepEl adverso contexto mundial profundiza el rezago de la región a978-92-1-122026-1 1aSantiago de Chile :bCEPAL (Comisión Económica para América Latina y el Caribe)c2019 a193 p.c27 cm. a1. Se agravan las tensiones comerciales y cae el comercio regional - 2. Hacia una mayor contribución del comercio a la sostenibilidad ambiental - 3. Logística e infraestructura para el comercio, la producción y la integración. aspa1 aNaciones Unidas. Comisión Económica para América Latina y el Caribe (CEPAL)1 aCimoli, Mario1 aInoue, Keiji41uhttps://www.biblioeco.unsa.edu.ar/pmb/images/libros/L128255.jpgyImagen de portadaqimage/jpeg